LEADER 01190nam a2200277 a 4500 001 000000121334 003 CaOOAMICUS 005 20100421135524.0 008 100421t1969 it u000 u ita r 040 $aPUL$bita$dMCT 041 1 $aita$hlat 245 00$aDialogo ad una svolta /$ca cura di Gino Concetti ; Adriano Bausola, ... [et al.]. 260 $aRoma :$bI.R.A.D.E.S.-C.O.P. :$bEdizioni pastorali,$cİ1969. 300 $a474 p. ;$c22 cm 490 1 $aNova ecclesia 504 $aBibliografia p. [431]-474. 546 $aUn intervento in latino con testo a fronte in italiano. 650 4$aDialogo interreligioso.$0(OLS)http://pul/subject/33329 700 1 $aBausola, Adriano,$d1930-2000.$0(OLS)http://pul/name/666 700 1 $aConcetti, Gino,$cO.F.M.$0(OLS)http://pul/name/8981 830 0$aNova ecclesia.$0(OLS)http://pul/title/152647 850 $aPUL 852 $aPUL$W1$xDP1 Filosofia 1$y19$m587 L 23$j139132$qStampati$B138365$CPULBib$Z2$F138365 $H61933 $82 941 1 $a8 996 $6245$aDialogo ad una svolta$9(OLS)http://pul/title/152646 996 $6260$aRoma :$bI.R.A.D.E.S.-C.O.P. :$bEdizioni pastorali$9(OLS)http://pul/publisher/77992 LEADER 01810nam a2200325 u 4500 001 000000058212 003 CaOOAMICUS 005 20070226120652.0 008 010529m19901994it f u000 u ita u 035 $a10890714 040 $aPUL(R)$bita 100 1 $aAbbagnano, Nicola,$d1901-1990.$0(OLS)http://pul/name/5565 245 10$aStoria della filosofia /$cNicola Abbagnano. 250 $aRist. aggiornata della 3. ed. 260 $aTorino :$bUTET,$c1990-1994. 300 $a4 v. in 5 :$bill. ;$c27 cm 500 $aNel front del v. 4,2: "Storia della filosofia fondata da Nicola Abbagnano". 504 $aContiene indici e note bibliografiche. 505 0 $av. 1. Filosofia antica. Filosofia patristica. Filosofia scolastica -- v. 2. Filosofia del Rinascimento. La filosofia moderna dei secoli XVII e XVIII -- v. 3. La filosofia del Romanticismo. La filosofia tra il secolo XIX e il XX. -- v. 4,1. La filosofia contemporanea / di Giovanni Fornero con la collaborazione di Luigi Lentini e Franco Restaino. -- v. 4,2. La filosofia contemporanea / di Giovanni Fornero, Franco Restaino, Dario Antiseri. 650 4$aFilosofia$xStoria.$0(OLS)http://pul/subject/580 700 1 $aFornero, Giovanni.$0(OLS)http://pul/name/7698 700 1 $aAntiseri, Dario,$d1940-$0(OLS)http://pul/name/1978 700 1 $aRestaino, Franco,$d1938-$0(OLS)http://pul/name/33848 700 1 $aLentini, Luigi.$0(OLS)http://pul/name/40474 850 $aPUL 852 $aPUL$W1$xSL Cons. Gen., Altre Classi 1$y1$m2015.F;DF4/8/3$j76067$nBK-PRI$b $qStampati$B76067$CPULBib$Z2$F76067 $H $81 941 1 $a8 961 $aINV: 67978 - 67979 - 67980 - 67981 - 71954 996 $6245$aStoria della filosofia$9(OLS)http://pul/title/7809 996 $6260$aTorino :$bUTET$9(OLS)http://pul/publisher/48088